Ilya's Russian monologue from Heated Rivalry - Statistics

General Stats
  • This quiz has been taken 28 times
  • The average score is 169 of 222
Answer Stats
Answer % Correct
a
100%
an
100%
And
100%
and
100%
I
100%
"I
100%
love
100%
to
100%
you.
100%
you
100%
but
93%
but,
93%
But
93%
He
93%
he
93%
it
93%
it.
93%
more,
93%
More,
93%
more!"
93%
no
93%
Svetlana
93%
back
87%
do
87%
don't
87%
hate
87%
hear
87%
her.
87%
here
87%
here.
87%
is
87%
is,
87%
know
87%
like.
87%
like...
87%
like
87%
not
87%
want
87%
what.
87%
what
87%
about
80%
all
80%
all.
80%
brother...
80%
come
80%
for
80%
Ilya!
80%
loves
80%
me.
80%
me
80%
me,
80%
me..
80%
need
80%
never
80%
She
80%
so
80%
the
80%
they
80%
They
80%
with
80%
again.
73%
always
73%
ever
73%
father
73%
give
73%
have
73%
have..
73%
I'm
73%
in
73%
It's
73%
of
73%
care.
67%
care
67%
everything.
67%
everything
67%
food
67%
make
67%
My
67%
my
67%
one
67%
one,
67%
sure
67%
That
67%
that
67%
them
67%
clothes
60%
didn't,
60%
Fuck
60%
his
60%
kills
60%
only
60%
why
60%
couldn't!
53%
fucking
53%
has
53%
nothing
53%
pay
53%
this
53%
took
53%
buried
47%
everyone
47%
hated
47%
next
47%
parents
47%
wasn't
47%
worst
47%
any
40%
perfect.
40%
tomb
40%
Well,
40%
will
40%
even
33%
now.
33%
or
33%
or...
33%
part
33%
people.
33%
see
33%
these
33%
word
33%
at
27%
bank,
27%
feel
27%
forgive
27%
look
27%
paid
27%
That's
27%
enemy,
20%
empty.
13%
still
13%
means
7%
No matching quizzes found
Score Distribution
Percent of People with Each Score
Percentile by Number Answered
Your Score History
You have not taken this quiz